Nádory pohybového systému neznámej histogenézy

Podrobná bibliografia
Hlavný autor: Adamicová, Katarína, 1953- (Autor)
Médium: Článok
Jazyk:slovenčina
ISSN:1335-4477
Predmet:

MARC

LEADER 00000nab a2200000 a 4500
001 vtls000819407
003 SK-MaSNL
005 20260302151948.0
008 140303c2002 xo 0 slo
015 |a SNBRB2002/12-40975 
035 |a CLN000171062 
040 |a SNKBUCL  |b slo  |c SNKBUCL  |e AACR2 
041 0 |a slo 
044 |a xo  |c SK 
080 |a 616.7-006-018  |2 1997 
100 1 |a Adamicová, Katarína,  |d 1953-  |4 aut  |9 185681 
245 1 0 |a Nádory pohybového systému neznámej histogenézy  |c Katarína Adamicová 
650 0 7 |a aparát pohybový  |x nádory  |x histogenéza  |2 snkbucl  |9 844435 
650 0 7 |a nádory  |x aparát pohybový  |x histogenéza  |2 snkbucl  |9 844436 
655 7 |a články z novín a časopisov  |2 snkbucl  |9 267496 
773 0 |t Zdravotnícke noviny  |g Roč. 7, č. 43 (2002)  |x 1335-4477 
773 0 |t [Príl.] Lekárske listy  |g Č. 43 (2002), s. 7  |x 1335-4477 
850 |a Slovenská národná knižnica v Martine 
852 |a SNK  |b KIS3GCP 
958 |a MI 
992 |a RBX 
999 |c 1361313  |d 1363243